Post-war banking policy : a series of addresses / by Reginald McKenna a series of addresses / by Reginald McKenna
Descripción Física:
149 p. ; 22 cm
Materias:
Bancs -- 1918/1928
MARC
| LEADER | 00000nam a2200000Ia 4500 | ||
|---|---|---|---|
| 001 | 1203 | ||
| 008 | 160829s1928 xx 000 0 cat d | ||
| 080 | |a M-2-122 | ||
| 100 | |a MacKenna, Reginald |9 24991 | ||
| 245 | |a Post-war banking policy : |b a series of addresses / by Reginald McKenna | ||
| 260 | |a London : |b William Heinemann, |c 1928 | ||
| 300 | |a 149 p. ; |c 22 cm | ||
| 650 | |a Bancs |x 1918/1928 |9 24992 | ||
| 901 | |a Arxiu | ||
| 942 | |n 1 | ||
| 952 | |0 0 |1 0 |4 0 |6 M2122 |7 1 |9 43405 |a Arxiu |b Arxiu |d 2016-12-01 |l 0 |o M-2-122 |p 1203 |r 2016-12-01 00:00:00 |w 2016-12-01 |y ARXIU | ||
| 999 | |c 45951 |d 45951 | ||